000 00335nam a2200133Ia 4500
005 20251222152723.0
008 251222s9999||||xx |||||||||||||| ||spa||
020 _a9588203120
082 _a636.089.5/L28
100 _aGrupo Latino Ltda.
245 0 _aVademécum Veterinario Diccionario
264 _bGrupo Latino Ltda.
942 _cLIB
999 _c29643
_d29643